| 000 | 00849nam a2200217Ia 4500 | ||
|---|---|---|---|
| 003 | GCL | ||
| 008 | 140319s9999 xx 000 0 ara d | ||
| 020 | _a1504509953 | ||
| 040 |
_aGCL / _cGCL |
||
| 082 | 0 | 4 |
_a956.904 _bم م |
| 245 | 1 | 0 | _aمنظمة التحرير الفلسطينية والانتفاضة |
| 260 |
_aالرياض : _bمركز دراسات الوحدة العربية ، _c2004 |
||
| 300 |
_a243 ص ؛ _c24 سم |
||
| 490 |
_aسلسلة كتب المستقبل العربى _v36 |
||
| 650 | 0 | 4 | _aالنزاع العربى الاسرائيلى |
| 650 | 0 | 4 | _aمنظمة التحرير الفلسطينية |
| 650 | 0 | 4 | _aالقضية الفلسطينية |
| 650 | 0 | 4 | _aالمقاومة الفلسطينية |
| 650 | 0 | 4 | _aفلسطين - تاريخ - العصر الحديث - الاحتلال الصهيونى |
| 942 |
_2ddc _cBK |
||
| 999 |
_c58394 _d58394 |
||